|
|
|
|
| LEADER |
01478nam a2200397 a 4500 |
| 001 |
nkc20061663140 |
| 003 |
CZ PrNK |
| 005 |
20100222110009.0 |
| 007 |
ta |
| 008 |
060713s2006 xr e p 000 0 cze |
| 015 |
|
|
|a cnb001663140
|
| 020 |
|
|
|a 80-7080-597-8
|q (brož.)
|
| 035 |
|
|
|a (OCoLC)85547376
|
| 040 |
|
|
|a ABA001
|b cze
|
| 072 |
|
7 |
|a 662
|x Výbušniny. Paliva
|2 Konspekt
|9 19
|
| 072 |
|
7 |
|a 37.016
|x Učební osnovy. Vyučovací předměty. Učebnice
|2 Konspekt
|9 22
|
| 080 |
|
|
|a 662.76:621.643
|2 MRF
|
| 080 |
|
|
|a 662.76:656.56
|2 MRF
|
| 080 |
|
|
|a (075.8)
|2 MRF
|
| 100 |
1 |
|
|a Štefl, Petr,
|d 1953-
|7 ola2006357479
|4 aut
|
| 245 |
1 |
0 |
|a Místní sítě /
|c Petr Štefl, Petr Buryan
|
| 260 |
|
|
|a Praha :
|b Vysoká škola chemicko-technologická v Praze, Fakulta technologie ochrany prostředí, Ústav plynárenství, koksochemie a ochrany ovzduší,
|c 2006
|
| 300 |
|
|
|a 57 s. ;
|c 30 cm
|
| 500 |
|
|
|a Přehled souvisejících právních předpisů
|
| 650 |
0 |
7 |
|a plynové rozvody
|7 ph198778
|2 czenas
|
| 650 |
0 |
7 |
|a plynovody
|7 ph124128
|2 czenas
|
| 650 |
0 |
9 |
|a gas distribution
|2 eczenas
|
| 650 |
0 |
9 |
|a gas pipelines
|2 eczenas
|
| 655 |
|
7 |
|a učebnice vysokých škol
|7 fd133772
|2 czenas
|
| 655 |
|
9 |
|a textbooks (higher)
|2 eczenas
|
| 700 |
1 |
|
|a Buryan, Petr,
|d 1947-
|7 xx0029524
|4 aut
|
| 910 |
2 |
|
|a BOA001
|b 4-1175.063
|
| 990 |
|
|
|a BK
|
| 995 |
|
|
|a 01
|
| 991 |
|
|
|b 200610
|c NOV
|
| 996 |
6 |
|
|b 2610291051
|c 4-1175.063
|l MZK
|r Sklad / do 1 hodiny
|n 0
|p p.v.
|w 000827392
|u 000010
|a 1
|e BOA001
|j MZK50
|s P
|